[Event "SVK-chT3B2 1920"]
[Site "Slovakia"]
[Date "2020.02.23"]
[Round "9.7"]
[White "Duhar, Vladimir"]
[Black "Mojzis, Peter"]
[Result "0-1"]
[WhiteElo "1000"]
[BlackElo "1337"]
[PlyCount "112"]
[EventDate "2019.10.06"]
[EventType "team-tourn"]
[EventRounds "11"]
[EventCountry "SVK"]
[SourceTitle "CBM 195 Extra"]
[Source "ChessBase"]
[SourceDate "2020.05.31"]
[SourceVersion "1"]
[SourceVersionDate "2020.05.31"]
[SourceQuality "1"]
[WhiteTeam "Nemsova Horne Srnie II"]
[BlackTeam "Bojnice"]
[WhiteTeamCountry "SVK"]
[BlackTeamCountry "SVK"]

1. e4 e5 2. Nf3 Nc6 3. Bb5 Bc5 4. 0-0 Nge7 5. Nc3 a6 6. Ba4 b5 7. Bb3 0-0 8. Nd5 d6 9. Nxe7+ Nxe7 10. h3 Ng6 11. d3 h6 12. Be3 Bxe3 13. fxe3 Qe7 14. Qe2 Be6 15. Bd5 Bxd5 16. exd5 f5 17. c4 Rf7 18. b3 Nh4 19. Nxh4 Qxh4 20. Rf3 Raf8 21. Raf1 b4 22. Qe1 Qxe1 23. Rxe1 g5 24. Ref1 Kg7 25. Kf2 Kg6 26. Ke2 Kh5 27. e4 f4 28. d4 Re8 29. dxe5 Rxe5 30. Kd3 Rfe7 31. Re1 Kh4 32. Kd4 a5 33. Kd3 h5 34. Kd4 Re8 35. Kd3 Rf8 36. Ref1 Re7 37. Kd4 Ref7 38. e5 g4 39. hxg4 hxg4 40. Rh1+ Kg5 41. Rf2 dxe5+ 42. Kxe5 Rf5+ 43. Kd4 f3 44. g3 Re8 45. Kd3 Rfe5 46. Rh7 Re3+ 47. Kd4 Re2 48. Rhh2 Rxf2 49. Rxf2 Re2 50. Rf1 Rg2 51. c5 Rxg3 52. d6 cxd6 53. cxd6 Rg2 54. Ke3 Re2+ 55. Kd4 Rd2+ 56. Ke5 f2 0-1

[Event "SVK-chT3B2 1920"]
[Site "Slovakia"]
[Date "2019.11.03"]
[Round "3.8"]
[White "Mojzis, Peter"]
[Black "Sosovickova, Martina"]
[Result "0-1"]
[WhiteElo "1329"]
[BlackElo "1339"]
[PlyCount "118"]
[EventDate "2019.10.06"]
[EventType "team-tourn"]
[EventRounds "11"]
[EventCountry "SVK"]
[SourceTitle "CBM 193 Extra"]
[Source "ChessBase"]
[SourceDate "2020.01.31"]
[SourceVersion "1"]
[SourceVersionDate "2020.01.31"]
[SourceQuality "1"]
[WhiteTeam "Bojnice"]
[BlackTeam "Dubnica nad Vahom IV"]
[WhiteTeamCountry "SVK"]
[BlackTeamCountry "SVK"]

1. e4 c5 2. Nf3 e6 3. d4 cxd4 4. Nxd4 Bc5 5. Be3 Qb6 6. b3 Nc6 7. Nxc6 Bxe3 8. fxe3 Qxe3+ 9. Qe2 Qc1+ 10. Qd1 Qxd1+ 11. Kxd1 dxc6 12. c4 Nf6 13. e5 Ng4 14. Kd2 Nxe5 15. Nc3 Ke7 16. Rd1 Rd8+ 17. Kc2 Rxd1 18. Nxd1 b6 19. Bd3 Nxd3 20. Kxd3 Bb7 21. g3 Rd8+ 22. Kc3 Rd4 23. Re1 c5 24. Nf2 f6 25. b4 Ba6 26. Re4 Rxe4 27. Nxe4 f5 28. Nd2 Kd6 29. b5 Bb7 30. Kd3 Ke5 31. Ke3 Be4 32. h4 g6 33. a3 h6 34. Nf1 g5 35. h5 f4+ 36. gxf4+ gxf4+ 37. Kf2 Kd4 38. Nh2 Kxc4 39. Ng4 Kxb5 40. Nxh6 c4 41. Nf7 Kc5 42. h6 c3 43. Ng5 Bg6 44. Nxe6+ Kc4 45. Nxf4 Bh7 46. Ke1 Kb3 47. Kd1 c2+ 48. Kc1 Kxa3 49. Ne2 a5 50. Nd4 a4 51. Nxc2+ Kb3 52. Nd4+ Kb4 53. Nc2+ Kc3 54. Na3 Kb3 55. Nb1 a3 56. Nd2+ Kb4 57. Nf1 Kc3 58. Ne3 a2 59. Nd5+ Kb3 0-1

[Event "SVK-chT3B2 1819"]
[Site "Slovakia"]
[Date "2019.04.14"]
[Round "11.8"]
[White "Mojzis, Peter"]
[Black "Mikuska, Michal"]
[Result "1/2-1/2"]
[WhiteElo "1338"]
[BlackElo "1000"]
[PlyCount "87"]
[EventDate "2018.10.21"]
[EventType "team-tourn"]
[EventRounds "11"]
[EventCountry "SVK"]
[SourceTitle "EXT 2020"]
[Source "ChessBase"]
[SourceDate "2019.10.17"]
[SourceVersion "1"]
[SourceVersionDate "2019.10.17"]
[SourceQuality "1"]
[WhiteTeam "Bojnice"]
[BlackTeam "Belusa"]
[WhiteTeamCountry "SVK"]
[BlackTeamCountry "SVK"]

1. e4 e5 2. Nf3 Nc6 3. Bb5 d6 4. 0-0 Bd7 5. c3 Nf6 6. d3 Be7 7. Be3 a6 8. Ba4 b5 9. Bb3 Na5 10. Nbd2 Nxb3 11. Nxb3 c5 12. c4 bxc4 13. dxc4 Nxe4 14. Nbd2 Nxd2 15. Qxd2 Bc6 16. Qe2 0-0 17. Rfd1 Qc7 18. b3 Rab8 19. Rd2 h6 20. Rad1 f5 21. Rc2 Qb7 22. Rc3 Bxf3 23. Qxf3 Qxf3 24. gxf3 f4 25. Bc1 Rf6 26. h3 Rg6+ 27. Kh2 Bh4 28. Rg1 Rxg1 29. Kxg1 Kf7 30. Rd3 Ke6 31. Bd2 Rd8 32. Ba5 Rd7 33. a4 d5 34. Bb6 dxc4 35. Rxd7 Kxd7 36. bxc4 Be7 37. Kf1 Ke6 38. Ke2 Kf5 39. Kd3 g5 40. a5 Bd6 41. Bd8 h5 42. Bb6 Be7 43. Bc7 Bf8 44. Bb6 1/2-1/2